000 01280nam2a2200253 4500
001 rc\2965460
005 20260315061322.0
035 _a(NLR Aleph) 007111890
090 _a13606258
_c13606258
100 _a20110905d1934 u y0rusy50 ca
101 0 _arus
102 _aRU
105 _ay z |||||
200 1 _aСтандартные типы подвесных изоляторов, их освоение производством, методы испытания и выборы
210 _d[1934]
461 0 _1001rc\2965442
_12001#$aˆ[‰Издания]$e1-$fСССР. НИС. НКТП. Всесоюз. электротехн. ассоциация$v13
_96776356
_aВсесоюзная электротехническая ассоциация
_c[Ленинград]
_d[1934]
_fСССР. НИС. НКТП. Всесоюз. электротехн. ассоциация
_nБ. и.
_o1-
_tˆ[‰Издания]
_v13
700 1 _4070
_7ca
_8rus
_aЕфимов
_bА. В.
_cинженер, подвесные изоляторы
_gАлександр Владимирович
_9262543
_3RU\NLR\AUTH\770262599
701 1 _aХаризоменов
_bО.В.
801 0 _aRU
_bNLR
_gpsbo
801 1 _aRU
_bELAR
_2rusmarc
852 _aNLR
_j34-20/73
942 _cUNSPEC
980 _aNB